Dimensions of Learning : Teacher's Manual /

Manual que expone los cinco aspectos del aprendizaje que se deben cuidar para logarar una reestructuración del proceso educativo. Esos aspectos son: Actitudes y percepciones efectivas en relación al aprendizaje; La adquisición e integración del conocimiento; La extensión y refinamiento del conocimie...

詳細記述

保存先:
書誌詳細
その他の著者: Marzano, Robert J. (autor) (autor)
フォーマット: 図書
言語:英語
出版事項: Alexandria, EUA : Association for Supervision and Currículum Development, 1992, c1992
主題:
タグ: タグ追加
タグなし, このレコードへの初めてのタグを付けませんか!

MARC

LEADER 00000nam^a2200000^a^4500
001 000414837
005 20250521000000.0
009 20260526144106.905
037 |a Acervo ITESO - Biblioteca 
041 |a ING 
082 |a 153. 15  |b MAR 
240 1 1 |a [Dimensiones del aprendizaje] 
245 1 0 |a Dimensions of Learning :  |b Teacher's Manual /  |c R.J. Marzano... [et al.]. 
264 4 |a Alexandria, EUA :  |b Association for Supervision and Currículum Development,  |c 1992, c1992 
300 |a VIII, 264 p. 
336 |a texto  |b txt  |2 rdacontenido 
337 |a sin mediación  |b n  |2 rdamedio 
338 |a volumen  |b nc  |2 rdasoporte 
520 |a Manual que expone los cinco aspectos del aprendizaje que se deben cuidar para logarar una reestructuración del proceso educativo. Esos aspectos son: Actitudes y percepciones efectivas en relación al aprendizaje; La adquisición e integración del conocimiento; La extensión y refinamiento del conocimiento; El uso significativo del conocimiento; Hábitos mentales productivos. 
649 |a XX 
650 |a Habilidades de Pensamiento 
650 |a Desarrollo Cognoscitivo 
650 |a Psicología Cognitiva 
650 |a Aprendizaje Significativo 
650 |a Aprendizaje -  |x Tema Principal 
650 |a Psicología Educativa 
650 |a Metodología Educativa 
650 |a Innovación Educativa 
650 |a Proceso Educativo 
650 |a Educación 
700 |a Marzano, Robert J.  |e (autor) 
910 |a Fondo General 
920 |a Impresos - Libros 
930 |a Colección General 
905 |a 101 
901 |a 0500324388  |b IT1  |c ACC  |i D115894  |u 20250521 
902 |a https://opac.biblio.iteso.mx/vufind/Record/000414837